[Event "EU-ch U18 Girls 27th"]
[Site "Mamaia"]
[Date "2017.09.12"]
[Round "7"]
[White "Balla, Klea"]
[Black "Bulgurcu, Feyza Nur"]
[Result "1/2-1/2"]
[WhiteElo "1349"]
[BlackElo "1494"]
[PlyCount "52"]
[EventDate "2017.09.05"]
[EventType "swiss"]
[EventRounds "9"]
[EventCountry "ROU"]
[SourceTitle "CBM 180 Extra"]
[Source "ChessBase"]
[SourceDate "2017.10.06"]
[SourceVersion "1"]
[SourceVersionDate "2017.10.06"]
[SourceQuality "1"]

1. c4 e5 2. Nc3 Nf6 3. e3 Nc6 4. a3 d5 5. cxd5 Nxd5 6. Qc2 Nf6 7. b4 a6 8. Bb2 Bd6 9. Nf3 0-0 10. Rc1 h6 11. h3 Re8 12. d3 Be6 13. Na4 a5 14. b5 Na7 15. Bxe5 Bxe5 16. Nxe5 Nxb5 17. Qb2 Nd6 18. Be2 b6 19. 0-0 Bd5 20. Ng4 Nxg4 21. Bxg4 Ra7 22. Rc2 Qg5 23. f4 Qg6 24. e4 Ba8 25. Bf3 Re7 26. Kh2 Nc8 1/2-1/2

[Event "TUR-chT2"]
[Site "Konya"]
[Date "2017.07.10"]
[Round "2.7"]
[White "Bulgurcu, Feyza Nur"]
[Black "Cetin, Asilda"]
[Result "1-0"]
[WhiteElo "1457"]
[BlackElo "1386"]
[PlyCount "137"]
[EventDate "2017.07.09"]
[EventType "team-swiss"]
[EventRounds "9"]
[EventCountry "TUR"]
[SourceTitle "CBM 179 Extra"]
[Source "ChessBase"]
[SourceDate "2017.08.23"]
[SourceVersion "1"]
[SourceVersionDate "2017.08.23"]
[SourceQuality "1"]
[WhiteTeam "Yildiz"]
[BlackTeam "Genclik Merkezi Genc"]
[WhiteTeamCountry "TUR"]
[BlackTeamCountry "TUR"]

1. e4 e5 2. Nf3 Nc6 3. Nc3 d6 4. Bb5 Bg4 5. h3 Bxf3 6. Qxf3 Qf6 7. Qxf6 Nxf6 8. Nd5 Nxd5 9. exd5 a6 10. Bxc6+ bxc6 11. dxc6 a5 12. d3 Ra6 13. c4 Rxc6 14. Bd2 a4 15. 0-0 Be7 16. b4 0-0 17. b5 Rb6 18. Ba5 Rb7 19. Rab1 Rd8 20. Rfe1 f6 21. d4 Kf7 22. d5 Ra8 23. Bd2 f5 24. g4 fxg4 25. hxg4 Bh4 26. Kg2 Rf8 27. Be3 Kg6 28. Rb4 Bg5 29. Rxa4 Bxe3 30. Rxe3 Kg5 31. Rf3 Rbb8 32. Ra7 Kxg4 33. Rg3+ Kf4 34. Rxc7 Ra8 35. Rcxg7 e4 36. a3 Ke5 37. b6 Kd4 38. Rc7 h5 39. b7 Rab8 40. a4 h4 41. Rg4 h3+ 42. Kxh3 Rxf2 43. Rgg7 e3 44. Rge7 e2 45. Kg3 Rf6 46. Kh4 Rf7 47. Rxf7 e1Q+ 48. Kg5 Qg3+ 49. Kf6 Qf4+ 50. Ke7 Qh4+ 51. Ke6 Qe4+ 52. Kd7 Qc2 53. Kxd6 Qxa4 54. Rf4+ Kc3 55. Rf3+ Kb4 56. c5 Qa6+ 57. c6 Rg8 58. Rc8 Rg6+ 59. Kd7 Qa7 60. Ra8 Rg7+ 61. Ke6 Rxb7 62. Rxa7 Rxa7 63. Rf7 Ra6 64. Kd6 Kc4 65. Rf4+ Kb5 66. Kd7 Kc5 67. Rf5 Kb6 68. c7 Ra7 69. d6 1-0

[Event "TUR-chT2"]
[Site "Konya"]
[Date "2017.07.09"]
[Round "1.7"]
[White "Hikmet, Nesrin"]
[Black "Bulgurcu, Feyza Nur"]
[Result "0-1"]
[WhiteElo "1148"]
[BlackElo "1457"]
[PlyCount "66"]
[EventDate "2017.07.09"]
[EventType "team-swiss"]
[EventRounds "9"]
[EventCountry "TUR"]
[SourceTitle "CBM 179 Extra"]
[Source "ChessBase"]
[SourceDate "2017.08.23"]
[SourceVersion "1"]
[SourceVersionDate "2017.08.23"]
[SourceQuality "1"]
[WhiteTeam "Dumlupinar Turk"]
[BlackTeam "Yildiz"]
[WhiteTeamCountry "TUR"]
[BlackTeamCountry "TUR"]

1. e4 c5 2. Nf3 Nc6 3. Nc3 Nf6 4. Bc4 e6 5. e5 Ng4 6. Qe2 Qc7 7. Nb5 Qb8 8. d3 Ngxe5 9. Bf4 Nxd3+ 10. Bxd3 Qxf4 11. Nc3 Be7 12. 0-0 0-0 13. g3 Qh6 14. Na4 d5 15. c4 d4 16. Rad1 Bd6 17. b3 e5 18. Nh4 Nb4 19. Bb1 Bh3 20. Rfe1 f5 21. f3 g5 22. Ng2 Bxg2 23. Qxg2 g4 24. a3 gxf3 25. Qxf3 e4 26. Qg2 Nc6 27. Nb2 Ne5 28. Rf1 Qe3+ 29. Kh1 Qxb3 30. Rf2 Ng4 31. Rxf5 Rxf5 32. Bxe4 Rf2 33. Bxh7+ Kg7 0-1